Ant-plant association in two Tococa Species from a primary rain forest of Colombian Choco (Hymenoptera: Formicidae) (Registro nro. 13203)

Detalles MARC
000 -CABECERA
Campo de control 005070000a22001570004500
090 ## - CLASIFICACIÓN LOCAL
Colección AR
Consecutivo 04105
041 0# - IDIOMA
Código de idioma para texto/pista de sonido o título separado
100 1# - ASIENTO PRINCIPAL--NOMBRE PERSONAL
Nombre personal Alvarez, Gustavo
245 10 - MENCION DE TITULO
Título Ant-plant association in two Tococa Species from a primary rain forest of Colombian Choco (Hymenoptera: Formicidae)
700 1# - ASIENTO SECUNDARIO - NOMBRE PERSONAL
Nombre personal Armbrecht, Inge
700 1# - ASIENTO SECUNDARIO - NOMBRE PERSONAL
Nombre personal Jiménez, Elizabeth
700 1# - ASIENTO SECUNDARIO - NOMBRE PERSONAL
Nombre personal Armbrecht, Heidi
700 1# - ASIENTO SECUNDARIO - NOMBRE PERSONAL
Nombre personal Ulloa Chacón, Patricia
773 1# - Item fuente:
Descripción física 3
Paginas del Articulo 585-602
Lugar, editorial y fecha de publicación 2001
Información sobre la relación 38
942 ## - ELEMENTOS ADICIONALES (KOHA)
Tipo de ítem Artículo
Existencias
Withdrawn status Lost status Damaged status No para préstamo Colección Ubicación Permanente Ubicación actual Fecha de adquisición Datos de publicación Seriada Total Checkouts Número topográfico Inventario / Código de Barras Date last seen Ejemplar Price effective from Forma de adquisición Tipo de material
      No para Préstamo Hemeroteca Bogotá Bogotá 10/01/2006 Fuera de circulación   AR 04105 022826 25/03/2015 1 25/03/2015   Artículo